[Event "ICS rated blitz match"]
[Site "204.178.125.65"]
[Date "2000.09.26"]
[Round "?"]
[White "Hossa"]
[Black "Interceptor"]
[Result "0-1"]
[WhiteElo "2604"]
[BlackElo "2731"]
[PlyCount "136"]
[EventDate "2000.??.??"]

1. d4 d5 2. c4 dxc4 3. e3 Nf6 4. Bxc4 e6 5. Qe2 c5 6. dxc5 Bxc5 7. Nf3 a6 8.
O-O Nc6 9. Rd1 Qc7 10. Nc3 O-O 11. Bd2 b5 12. Bd3 Bb7 13. Ne4 Nxe4 14. Bxe4
Rac8 15. Ng5 h6 16. Qh5 Be7 17. Nf3 Bf6 18. Rab1 Rfd8 19. Rdc1 Qd7 20. Rc2 Na5
21. Rxc8 Rxc8 22. Bxb7 Nxb7 23. Bc3 Bxc3 24. bxc3 Rxc3 25. Nd4 Qc7 26. Qd1 Nd6
27. Ra1 e5 28. Nb3 Qc6 29. Na5 Qb6 30. Nb3 Ne4 31. Qd5 Rxe3 32. Nc5 Nxf2 33.
Qa8+ Kh7 34. Qc8 Re2 35. Qf5+ Qg6 36. Qxg6+ Kxg6 37. Nxa6 Nd3 38. Nc7 b4 39.
Nd5 Rb2 40. h3 f5 41. a3 b3 42. Rd1 Rc2 43. Rxd3 b2 44. Rb3 Rc1+ 45. Kf2 b1=Q
46. Rxb1 Rxb1 47. a4 f4 48. Ne7+ Kf6 49. Nd5+ Kf5 50. Nc3 Ra1 51. Ke2 e4 52.
Kf2 Ra3 53. Nd5 Rxa4 54. Ne7+ Kf6 55. Nd5+ Ke5 56. Ne7 Ra2+ 57. Kf1 e3 58. Ng6+
Ke4 59. Nh4 Ra1+ 60. Ke2 Rg1 61. Ng6 Rxg2+ 62. Kd1 Rd2+ 63. Ke1 f3 64. Nh4 f2+
65. Kf1 Rd1+ 66. Kg2 f1=Q+ 67. Kg3 Qf4+ 68. Kg2 Qf2# {Hossa checkmated} 0-1

[Event "ICS rated blitz match"]
[Site "204.178.125.65"]
[Date "2000.09.26"]
[Round "?"]
[White "Interceptor"]
[Black "Hossa"]
[Result "1-0"]
[WhiteElo "2741"]
[BlackElo "2594"]
[PlyCount "95"]
[EventDate "2000.??.??"]

1. d4 Nf6 2. c4 e6 3. Nf3 Bb4+ 4. Bd2 Bxd2+ 5. Nbxd2 Nc6 6. e4 d5 7. e5 Ne4 8.
Bd3 Nxd2 9. Qxd2 dxc4 10. Bxc4 Ne7 11. O-O O-O 12. Qc2 Bd7 13. Bd3 g6 14. Be4
Bc6 15. Bxc6 Nxc6 16. Rfd1 Ne7 17. Ng5 Nd5 18. Ne4 Qh4 19. Nc3 c6 20. Qb3 Nb6
21. a4 Rab8 22. a5 Nd5 23. Nxd5 exd5 24. Qc3 Rfc8 25. Rac1 Qe4 26. Rd3 Rc7 27.
Qd2 b6 28. a6 Rf8 29. Rf3 Qg4 30. b4 Re8 31. Rcc3 Qc8 32. Qa2 Qg4 33. Rcd3 Rd8
34. Qd2 Qc8 35. Rh3 Qxa6 36. Ra3 Qc4 37. Rxh7 Kxh7 38. Rh3+ Kg8 39. Qh6 Qc1+
40. Qxc1 f6 41. Qh6 Kf7 42. Qh7+ Ke6 43. Qxc7 Rd7 44. Qxc6+ Rd6 45. Qxd6+ Kf7
46. e6+ Kg7 47. Qe7+ Kg8 48. Qf7# {Hossa checkmated} 1-0

[Event "ICS rated blitz match"]
[Site "204.178.125.65"]
[Date "2000.09.26"]
[Round "?"]
[White "Hossa"]
[Black "Interceptor"]
[Result "0-1"]
[WhiteElo "2584"]
[BlackElo "2751"]
[PlyCount "78"]
[EventDate "2000.??.??"]

1. d4 Nf6 2. c4 g6 3. Nc3 d5 4. Qb3 dxc4 5. Qxc4 c5 6. dxc5 Nc6 7. Bg5 Bg7 8.
Rd1 Qa5 9. Qb5 Qxb5 10. Nxb5 O-O 11. Nc7 Rb8 12. f3 h6 13. Bd2 b6 14. cxb6 Rxb6
15. Bc3 Nb4 16. a3 Nc2+ 17. Kf2 Rb7 18. Na6 Rb6 19. Nb4 Nxb4 20. Bxb4 Be6 21.
Bxe7 Re8 22. Bc5 Rxb2 23. Bxa7 Bb3 24. Ra1 Nd5 25. Kg3 Ra8 26. Bf2 Be5+ 27. f4
Nxf4 28. Kf3 Ra4 29. Re1 Rxa3 30. e3 Bd5+ 31. Kg4 f5+ 32. Kg3 Ne6+ 33. Kh3 Ng5+
34. Kh4 Rb4+ 35. Bc4 Rxc4+ 36. e4 Nxe4 37. Bd4 g5+ 38. Kh5 Bf7+ 39. Kxh6 Rc6# {
Hossa checkmated} 0-1

[Event "ICS rated blitz match"]
[Site "204.178.125.65"]
[Date "2000.09.26"]
[Round "?"]
[White "Hossa"]
[Black "Interceptor"]
[Result "0-1"]
[WhiteElo "2599"]
[BlackElo "2736"]
[PlyCount "168"]
[EventDate "2000.??.??"]

1. d4 Nf6 2. c4 e5 3. dxe5 Ng4 4. Nf3 Bc5 5. e3 Nc6 6. Be2 Ngxe5 7. Nc3 d6 8.
O-O O-O 9. b3 Bf5 10. Nd4 Bd7 11. Bb2 Re8 12. Nd5 Nb4 13. Nxb4 Bxb4 14. Nc2 Bc5
15. b4 Bb6 16. a4 a5 17. Bd4 c5 18. bxc5 dxc5 19. Bc3 Bf5 20. Qb1 Qd6 21. Ra2
Ng4 22. Bxg4 Bxg4 23. Qb5 Bd7 24. Qb2 Bc7 25. g3 Qc6 26. Rd1 f6 27. Qb3 Be6 28.
Rb2 b6 29. Rd5 Rad8 30. e4 Bd7 31. Ne3 Rxe4 32. Rbd2 Re6 33. Qd1 Re7 34. Nf5
Bxf5 35. Rxd8+ Bxd8 36. Rxd8+ Kf7 37. Rd6 Qc7 38. Rd2 Rd7 39. h3 Rxd2 40. Bxd2
Qd7 41. Qh5+ Kf8 42. Qf3 Qxd2 43. Qxf5 Qc1+ 44. Kg2 Qxc4 45. Qc8+ Kf7 46. Qb7+
Kg6 47. Qxb6 Qd5+ 48. Kf1 Qd1+ 49. Kg2 Qxa4 50. Qxc5 Qe4+ 51. Kf1 Qd3+ 52. Kg2
a4 53. g4 h6 54. Qh5+ Kh7 55. Qa5 a3 56. Qa8 h5 57. gxh5 f5 58. Kh2 Qb3 59. Qa6
a2 60. Qg6+ Kh8 61. Qe8+ Qg8 62. Qa4 Qe6 63. Qa8+ Kh7 64. Qa5 Qd6+ 65. Kg2 Qc6+
66. Kg3 f4+ 67. Kg4 Qg2+ 68. Kf5 Qxf2 69. h6 Qc2+ 70. Kxf4 Qc1+ 71. Kg4 a1=Q
72. Qf5+ g6 73. Qf7+ Kxh6 74. Qf8+ Qg7 75. Qxg7+ Kxg7 76. Kf3 Qh1+ 77. Kg3 g5
78. Kg4 Kf6 79. Kg3 Qf1 80. Kh2 Qf2+ 81. Kh1 Ke5 82. h4 g4 83. h5 g3 84. h6
Qf1# {Hossa checkmated} 0-1

[Event "ICS Rated blitz match"]
[Site "204.178.125.65"]
[Date "2000.09.26"]
[Round "?"]
[White "Interceptor"]
[Black "Hossa"]
[Result "1-0"]
[WhiteElo "2746"]
[BlackElo "2589"]
[PlyCount "55"]
[EventDate "2000.??.??"]

1. Nf3 d5 2. d4 c6 3. c4 dxc4 4. e3 b5 5. a4 Nf6 6. b3 cxb3 7. axb5 Be6 8. Nc3
Nd5 9. Bb2 Nb4 10. Ra4 Nc2+ 11. Kd2 g6 12. Kc1 cxb5 13. Bxb5+ Bd7 14. Ne5 Bxb5
15. Qf3 f6 16. Nxb5 fxe5 17. Qxa8 a6 18. Qb7 axb5 19. Ra8 Kf7 20. Rxb8 Qd6 21.
dxe5 Qe6 22. Qf3+ Kg7 23. Rb6 Qc4 24. Rc6 Nd4+ 25. Rxc4 Nxf3 26. e6+ Kh6 27.
Rf4 Bg7 28. Bxg7+ {Hossa resigns} 1-0

[Event "ICS rated blitz match"]
[Site "204.178.125.65"]
[Date "2000.09.26"]
[Round "?"]
[White "Athlon900"]
[Black "Hossa"]
[Result "1-0"]
[WhiteElo "2729"]
[BlackElo "2580"]
[PlyCount "93"]
[EventDate "2000.??.??"]

1. e4 Nc6 2. Nf3 f5 3. exf5 d5 4. Nh4 Nh6 5. Qh5+ Nf7 6. Bb5 g6 7. Qg4 gxf5 8.
Nxf5 Qd7 9. Ng7+ Kd8 10. Qxd7+ Bxd7 11. Bxc6 bxc6 12. Nh5 Rg8 13. Ng3 Ke8 14.
d4 Bg7 15. c3 e5 16. dxe5 Nxe5 17. O-O Rb8 18. b3 Nd3 19. Be3 c5 20. Nh5 Be5
21. f4 Bh8 22. Rd1 Bb5 23. f5 Rf8 24. Nf4 Nxf4 25. Bxf4 Rxf5 26. Bxc7 Rc8 27.
Ba5 Kf7 28. Nd2 Be2 29. Re1 Re8 30. Nf1 Rfe5 31. Ng3 Bb5 32. Red1 Bf6 33. Bc7
Rg5 34. h4 Rg6 35. Rxd5 Bxc3 36. Rad1 Bb4 37. Nf5 Ke6 38. Bf4 Rf8 39. Re5+ Kf7
40. h5 Rb6 41. Rd6 Kg8 42. Nh6+ Kh8 43. Rg5 Bc3 44. Nf7+ Rxf7 45. Rd8+ Be8 46.
Rxe8+ Rf8 47. Rxf8# {Hossa checkmated} 1-0

[Event "ICS Rated blitz match"]
[Site "204.178.125.65"]
[Date "2000.09.26"]
[Round "?"]
[White "Hossa"]
[Black "Interceptor"]
[Result "0-1"]
[WhiteElo "2570"]
[BlackElo "2755"]
[PlyCount "109"]
[EventDate "2000.??.??"]

1. e4 c6 2. d4 d5 3. Nc3 dxe4 4. Nxe4 Bf5 5. Ng3 Bg6 6. h4 h6 7. Nf3 Nd7 8. h5
Bh7 9. Bd3 Bxd3 10. Qxd3 Qc7 11. Bd2 Ngf6 12. O-O-O e6 13. Rde1 O-O-O 14. Rh4
Bd6 15. Ne4 Nxe4 16. Qxe4 Nf6 17. Qe2 Kb8 18. Be3 Rhe8 19. Kb1 e5 20. dxe5 Bxe5
21. Ra4 c5 22. Rh4 Bg3 23. Rc4 Nd5 24. Rxc5 Rxe3 25. Rxc7 Rxe2 26. Rxb7+ Kxb7
27. Rxe2 Nf6 28. c4 Bc7 29. Kc2 Rd7 30. g3 Nxh5 31. b4 Nf6 32. Kc3 Ng4 33. a3
g6 34. a4 a5 35. Nd2 Be5+ 36. Kc2 Bd4 37. bxa5 Bxf2 38. Ne4 Ba7 39. Kc3 Ka6 40.
Kb4 Rb7+ 41. Kc3 Kxa5 42. Nd2 Kxa4 43. Re1 Bc5 44. Ra1+ Ba3 45. c5 Ne5 46. Kd4
Nc6+ 47. Kd5 Kb5 48. Rb1+ Bb4 49. Ne4 Ne7+ 50. Kd4 Nf5+ 51. Kd5 Rd7+ 52. Ke5
Ne3 53. Rc1 Ng4+ 54. Kf4 f5 55. c6 {Hossa resigns} 0-1

[Event "ICS rated blitz match"]
[Site "204.178.125.65"]
[Date "2000.09.26"]
[Round "?"]
[White "counterplay"]
[Black "Hossa"]
[Result "1-0"]
[WhiteElo "2807"]
[BlackElo "2562"]
[PlyCount "187"]
[EventDate "2000.??.??"]

1. e4 e5 2. Nf3 Nc6 3. Bb5 a6 4. Ba4 d6 5. O-O Nge7 6. c3 b5 7. Bb3 Na5 8. Bc2
Ng6 9. b4 Nc6 10. d4 Be7 11. a4 Bg4 12. d5 Na7 13. axb5 axb5 14. Be3 Qb8 15.
Bd3 O-O 16. Nbd2 f5 17. Qc2 fxe4 18. Bxe4 Nc8 19. Bxg6 hxg6 20. Ng5 Bxg5 21.
Bxg5 Bf5 22. Qb3 Bd3 23. Rfe1 Nb6 24. Rad1 Qb7 25. Re3 Bc4 26. Nxc4 Nxc4 27.
Re2 Qc8 28. Qc2 Qg4 29. h4 Qh5 30. Rde1 Ra6 31. Qd3 Rf7 32. Kh1 Ra8 33. Qe4
Raf8 34. f3 Rf4 35. Qd3 Rxh4+ 36. Bxh4 Qxh4+ 37. Kg1 Qg3 38. Ra1 Qg5 39. Ra7
Rc8 40. Re1 Kf7 41. Rb7 Kg8 42. Rxb5 Nb6 43. Ra5 Qh4 44. Re4 Qh6 45. Rg4 Qc1+
46. Kh2 Qh6+ 47. Kg3 g5 48. Qf5 Qf6 49. Qxg5 Qxg5 50. Rxg5 Nc4 51. Ra7 Nb6 52.
Ra5 Nc4 53. Ra7 Nb6 54. f4 Nxd5 55. fxe5 Nxc3 56. Kg4 Ne4 57. Rf5 dxe5 58. Rxe5
Nf6+ 59. Kf3 Rf8 60. Ke2 Rb8 61. Rxc7 Rxb4 62. Rg5 Ne8 63. Re7 Kf8 64. Rge5 Nf6
65. Ra7 Rb2+ 66. Kf3 Rb3+ 67. Kf4 Rb2 68. Rg5 Ne8 69. Rh5 Kg8 70. g4 Rb4+ 71.
Kf3 Rb3+ 72. Ke2 Nd6 73. Re7 Rb7 74. Rxb7 Nxb7 75. Rd5 Kh7 76. g5 Kg8 77. g6
Kf8 78. Rd7 Nc5 79. Rf7+ Ke8 80. Rxg7 Ne6 81. Rf7 Nd4+ 82. Ke3 Ne6 83. Rf5 Ke7
84. Ke4 Kd6 85. Rf6 Ke7 86. Ke5 Nc5 87. Rf7+ Ke8 88. Ra7 Kf8 89. g7+ Kg8 90.
Kf6 Kh7 91. Kf7 Kh6 92. g8=Q Kh5 93. Ra2 Kh4 94. Rh2# {Hossa checkmated} 1-0

[Event "ICS unrated blitz match"]
[Site "204.178.125.65"]
[Date "2000.09.26"]
[Round "?"]
[White "Hossa"]
[Black "pulsar"]
[Result "1-0"]
[WhiteElo "2556"]
[BlackElo "2250"]
[PlyCount "65"]
[EventDate "2000.??.??"]

1. e4 c5 2. Nf3 e6 3. d4 cxd4 4. Nxd4 Nf6 5. Nc3 Bb4 6. e5 Nd5 7. Bd2 Bxc3 8.
bxc3 Qc7 9. f4 Nxc3 10. Qf3 Nd5 11. Nb5 Qc6 12. c4 Nb6 13. Qa3 Qe4+ 14. Be3
Nxc4 15. Bxc4 Qxg2 16. Rg1 Qc6 17. Nd6+ Kd8 18. Rc1 Rg8 19. Bd3 g6 20. Nxf7+
Ke8 21. Nd6+ Kd8 22. Rxc6 dxc6 23. Bc4 b5 24. Nxc8 bxc4 25. Qe7+ Kxc8 26. Qxe6+
Kc7 27. Qxg8 Kb7 28. Qxh7+ Ka6 29. Rxg6 c3 30. Qc7 Kb5 31. Qb7+ Kc4 32. Rd6 c2
33. Qb3# {pulsar checkmated} 1-0

[Event "ICS rated blitz match"]
[Site "204.178.125.65"]
[Date "2000.09.26"]
[Round "?"]
[White "Hossa"]
[Black "Colorado"]
[Result "0-1"]
[WhiteElo "2556"]
[BlackElo "2748"]
[PlyCount "130"]
[EventDate "2000.??.??"]

1. e4 e5 2. Nf3 Nf6 3. Nxe5 d6 4. Nf3 Nxe4 5. d4 d5 6. Bd3 Be7 7. O-O Nc6 8.
Re1 Bg4 9. c3 f5 10. Qb3 O-O 11. Qxb7 Rf6 12. Bf4 Rb8 13. Qxc7 Qxc7 14. Bxc7
Rxb2 15. Re2 Rb7 16. Bf4 Rg6 17. Kf1 Bd6 18. Bg3 f4 19. Bh4 Rh6 20. Rxe4 dxe4
21. Bxe4 Bxf3 22. Bxf3 Rxh4 23. Bxc6 Rb2 24. h3 Kf7 25. f3 Rh5 26. c4 Rg5 27.
c5 Bxc5 28. dxc5 Rxc5 29. Nc3 Rxc6 30. Ne2 Rcc2 31. Nxf4 Rf2+ 32. Kg1 g5 33.
Nd3 Rxg2+ 34. Kf1 Rbd2 35. a4 Rh2 36. Kg1 Rxh3 37. Ne5+ Kf6 38. Re1 h5 39. Re4
Rhh2 40. a5 Rdg2+ 41. Kf1 Rc2 42. Kg1 Rhd2 43. Re1 Rc3 44. Kh1 Rd5 45. Ng4+
hxg4 46. fxg4 Rxa5 47. Rf1+ Ke6 48. Re1+ Re5 49. Ra1 a5 50. Ra2 Rce3 51. Ra4
R3e4 52. Ra3 a4 53. Kg2 Rxg4+ 54. Kh3 Rb4 55. Ra2 Re3+ 56. Kg2 Rbe4 57. Ra1 Re1
58. Ra3 R4e2+ 59. Kg3 Re3+ 60. Kf2 Rxa3 61. Kxe1 Ra2 62. Kf1 a3 63. Kg1 Rb2 64.
Kf1 a2 65. Kg1 a1=Q# {Hossa checkmated} 0-1

[Event "ICS rated blitz match"]
[Site "204.178.125.65"]
[Date "2000.09.26"]
[Round "?"]
[White "Colorado"]
[Black "Hossa"]
[Result "1/2-1/2"]
[WhiteElo "2756"]
[BlackElo "2548"]
[PlyCount "147"]
[EventDate "2000.??.??"]

1. e4 e5 2. Bc4 Nf6 3. d3 Nc6 4. Nf3 Bc5 5. Nc3 d6 6. Be3 Bxe3 7. fxe3 Na5 8.
Bb3 Nxb3 9. axb3 O-O 10. O-O c6 11. Qe1 Be6 12. d4 Qc7 13. Qg3 Ng4 14. Nh4 Qb6
15. Rad1 Nh6 16. Nf5 Bxf5 17. exf5 f6 18. dxe5 dxe5 19. Rd7 Rf7 20. Ne4 Kh8 21.
Rdd1 Rd8 22. Qh3 Rff8 23. Ra1 Rd5 24. Rf2 Rd7 25. Rff1 Nf7 26. Rfd1 Rfd8 27.
Rxd7 Rxd7 28. Qf3 Qb4 29. Rc1 a5 30. Rb1 b6 31. Rc1 Nh6 32. Nc3 Rd6 33. Rd1 e4
34. Qh5 Rxd1+ 35. Qxd1 Qe7 36. Qd4 b5 37. Kf2 Nxf5 38. Qxe4 Qd7 39. g4 Nd6 40.
Qf4 Kg8 41. Ne4 Nxe4+ 42. Qxe4 g6 43. Ke2 Kf7 44. h4 Qb7 45. h5 Kg7 46. Qe6
gxh5 47. gxh5 Qc7 48. Kd3 c5 49. c4 b4 50. Ke4 Qd8 51. Qg4+ Kf8 52. Qf5 Qa8+
53. Qd5 Qe8+ 54. Kf4 Qc8 55. Qd6+ Kf7 56. e4 Qh3 57. Qc7+ Kg8 58. Qxc5 Qf1+ 59.
Kg3 Qd3+ 60. Kf2 Qc2+ 61. Kf3 Qxb3+ 62. Kg4 Qd1+ 63. Kf4 Qd2+ 64. Kg4 Qg2+ 65.
Kf4 Qxb2 66. Qc8+ Kf7 67. Qd7+ Kf8 68. Qd8+ Kg7 69. h6+ Kxh6 70. Qf8+ Kh5 71.
Qf7+ Kh6 72. Qf8+ Kh5 73. Qf7+ Kh6 74. Qf8+ {Game drawn by repetition} 1/2-1/2

[Event "ICS Rated blitz match"]
[Site "204.178.125.65"]
[Date "2000.09.26"]
[Round "?"]
[White "Hossa"]
[Black "Colorado"]
[Result "0-1"]
[WhiteElo "2557"]
[BlackElo "2747"]
[PlyCount "86"]
[EventDate "2000.??.??"]

1. e4 e5 2. Nf3 Nf6 3. Nxe5 d6 4. Nf3 Nxe4 5. d4 d5 6. Bd3 Be7 7. O-O Nc6 8.
Re1 Bg4 9. c3 f5 10. Qb3 O-O 11. Qxb7 Rf6 12. Bf4 Rb8 13. Qxc7 Qxc7 14. Bxc7
Rxb2 15. Re2 Rb7 16. Bf4 Rg6 17. Kf1 Bd6 18. Bg3 f4 19. Bh4 Rh6 20. Rxe4 dxe4
21. Bxe4 Bxf3 22. Bxf3 Rxh4 23. Bxc6 Rb2 24. h3 Kf7 25. Be4 Ke6 26. c4 f3 27.
Nc3 fxg2+ 28. Kxg2 Rf4 29. Rf1 Bb4 30. Kg3 g5 31. Bd5+ Kf5 32. Nb5 a6 33. Na7
Rxd4 34. Nc6 Bd6+ 35. Kg2 Rdd2 36. Bg8 Bc5 37. Kg3 h5 38. Bh7+ Ke6 39. f4 Rg2+
40. Kf3 g4+ 41. hxg4 hxg4+ 42. Ke4 Rge2+ 43. Kd3 Re3# {Hossa checkmated} 0-1

[Event "ICS rated blitz match"]
[Site "204.178.125.65"]
[Date "2000.09.26"]
[Round "?"]
[White "Colorado"]
[Black "Hossa"]
[Result "1-0"]
[WhiteElo "2755"]
[BlackElo "2549"]
[PlyCount "129"]
[EventDate "2000.??.??"]

1. e4 e5 2. Nf3 Nc6 3. Bb5 a6 4. Ba4 Nf6 5. O-O Be7 6. Re1 b5 7. Bb3 d6 8. c3
O-O 9. h3 Na5 10. Bc2 c5 11. d4 Qc7 12. Nbd2 cxd4 13. cxd4 Bb7 14. Nf1 Rac8 15.
Re2 d5 16. dxe5 Nxe4 17. Ng3 f5 18. exf6 Bxf6 19. Bxe4 dxe4 20. Nxe4 Rcd8 21.
Qe1 Bxe4 22. Rxe4 Nc4 23. Rb1 Qd7 24. b4 Qd3 25. Rb3 Qc2 26. Re2 Qf5 27. Bd2
Rd7 28. Bc3 Rdf7 29. Bxf6 Rxf6 30. Nd4 Qd5 31. Rd3 Rg6 32. Rf3 Rxf3 33. Nxf3
Rf6 34. Re8+ Rf8 35. Qe7 Qf7 36. Rxf8+ Qxf8 37. Qe6+ Qf7 38. Qxa6 Qd7 39. a4
Qd1+ 40. Kh2 Qd7 41. Qxb5 Qxb5 42. axb5 Kf7 43. Kg3 Kf6 44. Kf4 g6 45. Nd4 Nb6
46. Ke4 h6 47. f4 h5 48. g3 Kf7 49. Ke5 Ke7 50. Nc6+ Kf7 51. Kd6 Kf6 52. Ne5
Na4 53. Nd7+ Kf5 54. b6 Nxb6 55. Nxb6 g5 56. fxg5 Kg6 57. h4 Kf5 58. b5 Kg6 59.
Nd7 Kg7 60. b6 Kf7 61. b7 Kg8 62. b8=Q+ Kg7 63. Qf8+ Kh7 64. Ke7 Kg6 65. Qf7# {
Hossa checkmated} 1-0

[Event "ICS Rated blitz match"]
[Site "204.178.125.65"]
[Date "2000.09.26"]
[Round "?"]
[White "Hossa"]
[Black "WitPaard"]
[Result "1-0"]
[WhiteElo "2542"]
[BlackElo "2331"]
[PlyCount "107"]
[EventDate "2000.??.??"]

1. d4 f5 2. Nf3 Nf6 3. g3 g6 4. Bg2 Bg7 5. d5 O-O 6. O-O c6 7. c4 d6 8. Ng5 h6
9. Ne6 Bxe6 10. dxe6 Na6 11. Bd2 Nc5 12. Qc1 Kh7 13. Bc3 Nxe6 14. Nd2 Ng5 15.
Rd1 Qc7 16. Qc2 e5 17. Nf3 Ne6 18. c5 Nxc5 19. Bxe5 dxe5 20. Qxc5 e4 21. Nd4
Rfe8 22. e3 Qe5 23. Qc4 Nd5 24. Rd2 Qe7 25. Bf1 Qb4 26. Rad1 Bf6 27. Qxb4 Nxb4
28. a3 Nd5 29. Nb3 Re7 30. Nc5 b6 31. Na6 Nc7 32. Nb4 c5 33. Nc6 Rf7 34. Rd7
Raf8 35. Bc4 Rg7 36. Rxg7+ Bxg7 37. Rd7 b5 38. Be2 Ne6 39. Bxb5 Ng5 40. Rxa7
Nf3+ 41. Kg2 h5 42. Be2 Ng5 43. h4 Nf7 44. b3 Kh6 45. Rc7 g5 46. Bc4 Nd6 47.
hxg5+ Kxg5 48. Rxg7+ Kf6 49. Rd7 Nxc4 50. bxc4 Ra8 51. Ra7 Rc8 52. Ra6 Kg5 53.
Ne5 Rc7 54. Rg6# {WitPaard checkmated} 1-0

[Event "ICS rated blitz match"]
[Site "204.178.125.65"]
[Date "2000.09.26"]
[Round "?"]
[White "Hossa"]
[Black "counterplay"]
[Result "0-1"]
[WhiteElo "2549"]
[BlackElo "2813"]
[PlyCount "67"]
[EventDate "2000.??.??"]

1. e4 e5 2. Nf3 Nc6 3. d4 exd4 4. Nxd4 Bc5 5. Be3 Bb6 6. Nc3 d6 7. Nd5 Nf6 8.
Nxb6 axb6 9. f3 O-O 10. Bb5 Na7 11. Be2 d5 12. e5 Re8 13. f4 c5 14. Nb3 Nc6 15.
O-O d4 16. Bd2 Nd5 17. c3 dxc3 18. bxc3 Bf5 19. Bc4 Qd7 20. Qh5 Nce7 21. Be2
Qa4 22. c4 Nb4 23. Bxb4 Qxb4 24. Qf3 Nc6 25. Qh5 g6 26. Qh6 Qc3 27. Rf3 Qc2 28.
Bf1 Rxa2 29. Rxa2 Qxa2 30. h3 Rd8 31. g4 Be4 32. Re3 Rd1 33. Rxe4 Qxb3 34. Re2
{Hossa resigns} 0-1

[Event "ICS rated standard match"]
[Site "204.178.125.65"]
[Date "2000.09.26"]
[Round "?"]
[White "Colorado"]
[Black "Hossa"]
[Result "0-1"]
[WhiteElo "2483"]
[BlackElo "2363"]
[PlyCount "132"]
[EventDate "2000.??.??"]

1. e4 e5 2. Nf3 Nc6 3. Bb5 a6 4. Ba4 Nf6 5. O-O Be7 6. Re1 b5 7. Bb3 d6 8. c3
O-O 9. h3 Bb7 10. d4 Re8 11. Nbd2 Bf8 12. a3 h6 13. Bc2 Nb8 14. b4 Nbd7 15. Bb2
g6 16. Qb1 Bg7 17. Nb3 Rb8 18. Na5 Ba8 19. d5 Nb6 20. a4 Nxa4 21. Bxa4 bxa4 22.
Rxa4 Qd7 23. Ra1 Qb5 24. Qc2 Rec8 25. Bc1 c5 26. dxc6 Bxc6 27. Bd2 Ba8 28. Rac1
d5 29. exd5 Nxd5 30. Qd1 Nb6 31. Re3 e4 32. Nd4 Qd7 33. Nab3 Nc4 34. Rg3 Be5
35. Rg4 h5 36. Rg5 Qd6 37. g3 Qd7 38. Kh2 Rb6 39. Qe2 Qc7 40. Be1 h4 41. Nd2
hxg3+ 42. fxg3 Nb2 43. Ra1 Nd3 44. Nxe4 Nxb4 45. Bd2 Re8 46. cxb4 Bxe4 47. Rc1
Qd8 48. Nb3 Bg7 49. Re1 Bc6 50. Qf2 Rxe1 51. Qxe1 Rxb4 52. Bxb4 Qxg5 53. Na5
Bd5 54. Bc5 Be5 55. Bb6 Qf6 56. Qf2 Qh4 57. Qe3 Qb4 58. Qf2 Bc3 59. Nb3 Qxb3
60. Bc5 a5 61. Be3 a4 62. h4 a3 63. Kh3 a2 64. Qf1 a1=Q 65. Bc1 Be5 66. Qe1
Qxc1 {Colorado resigns} 0-1

[Event "ICS rated blitz match"]
[Site "204.178.125.65"]
[Date "2000.09.26"]
[Round "?"]
[White "counterplay"]
[Black "Hossa"]
[Result "1-0"]
[WhiteElo "2819"]
[BlackElo "2543"]
[PlyCount "62"]
[EventDate "2000.??.??"]

1. d4 d5 2. c4 e6 3. Nc3 Nf6 4. Bg5 Be7 5. e3 O-O 6. Nf3 Nbd7 7. Rc1 c6 8. Bd3
dxc4 9. Bxc4 Nd5 10. Bxe7 Qxe7 11. O-O Nxc3 12. Rxc3 e5 13. e4 Rd8 14. d5 Nb6
15. Qc2 Bd7 16. Bb3 Qf6 17. Rd1 Bg4 18. h3 Bh5 19. dxc6 Rxd1+ 20. Qxd1 bxc6 21.
Qc2 Qf4 22. g3 Qf6 23. Nxe5 Qxe5 24. Rc5 Qd4 25. Rxh5 Rf8 26. Rc5 Qd7 27. Rxc6
Qxh3 28. Rc7 g6 29. Qc6 Kg7 30. Qc3+ Kg8 31. Qf6 Nd7 {Hossa resigns} 1-0

[Event "ICS rated blitz match"]
[Site "204.178.125.65"]
[Date "2000.09.26"]
[Round "?"]
[White "StrongBach"]
[Black "Hossa"]
[Result "0-1"]
[WhiteElo "1756"]
[BlackElo "2538"]
[PlyCount "48"]
[EventDate "2000.??.??"]

1. e4 e5 2. Nf3 Nc6 3. Nc3 Nf6 4. Bb5 Bb4 5. O-O O-O 6. Bxc6 dxc6 7. Nxe5 Re8
8. Nd3 Bxc3 9. dxc3 Nxe4 10. Bf4 Nf6 11. Qc1 Bf5 12. Nc5 Re2 13. Nxb7 Qb8 14.
Na5 Rxc2 15. Qb1 Qb5 16. Bxc7 Ne8 17. a4 Qa6 18. Nxc6 Qxc6 19. Bf4 Rxf2 20.
Kxf2 Bxb1 21. Rfxb1 Nf6 22. Kg1 Re8 23. a5 Re2 24. g3 Qg2# {
StrongBach checkmated} 0-1

[Event "ICS rated blitz match"]
[Site "204.178.125.65"]
[Date "2000.09.26"]
[Round "?"]
[White "Hossa"]
[Black "Athlon900"]
[Result "0-1"]
[WhiteElo "2538"]
[BlackElo "2746"]
[PlyCount "74"]
[EventDate "2000.??.??"]

1. e4 d6 2. d4 Nf6 3. Nc3 e6 4. Nf3 Be7 5. Bd3 O-O 6. a3 d5 7. e5 Nfd7 8. Bf4
c5 9. O-O Nc6 10. dxc5 Nxc5 11. Be2 f6 12. Qd2 d4 13. Nb5 fxe5 14. Nxe5 Ne4 15.
Qc1 g5 16. Nxc6 bxc6 17. Nc7 gxf4 18. Nxa8 Qd6 19. Bd3 Nc5 20. Qd1 Nxd3 21.
Qxd3 Bb7 22. Nc7 Qxc7 23. Qxd4 c5 24. Qd3 f3 25. g3 Rd8 26. Qe3 e5 27. Rfe1 e4
28. Rad1 Kg7 29. Qc1 Qc8 30. Kh1 Qh3 31. Rg1 e3 32. b4 Rxd1 33. Qxd1 exf2 34.
Qa1+ Kg6 35. Qf6+ Kxf6 36. bxc5 fxg1=Q+ 37. Kxg1 Qg2# {Hossa checkmated} 0-1

[Event "ICS rated blitz match"]
[Site "204.178.125.65"]
[Date "2000.09.26"]
[Round "?"]
[White "Hossa"]
[Black "Colorado"]
[Result "0-1"]
[WhiteElo "2531"]
[BlackElo "2762"]
[PlyCount "96"]
[EventDate "2000.??.??"]

1. e4 e5 2. Nf3 Nc6 3. d4 exd4 4. Nxd4 Bc5 5. Be3 Qf6 6. c3 Nge7 7. Bc4 Ne5 8.
Be2 d5 9. O-O dxe4 10. Nb5 Bd6 11. Bc5 O-O 12. Nxd6 cxd6 13. Qxd6 Qxd6 14. Bxd6
N5g6 15. Nd2 Re8 16. Bb5 Nc6 17. Rfe1 Bf5 18. Rad1 Rad8 19. Nb3 Bg4 20. Rd2 Bf5
21. Nc5 Re5 22. b4 h6 23. c4 Rxd6 24. Rxd6 Nxb4 25. Nxb7 Nf4 26. Rd8+ Kh7 27.
Nd6 Bg6 28. g3 Ne6 29. Ra8 a6 30. Bd7 Nd4 31. Rf1 Nd3 32. Kg2 Nc2 33. Rh1 e3
34. fxe3 Nxe3+ 35. Kf3 f5 36. g4 Nxg4 37. Ra1 Re3+ 38. Kg2 Nf4+ 39. Kg1 Re2 40.
Bc6 Rf2 41. Kh1 Rxh2+ 42. Kg1 Ne2+ 43. Kf1 Ne3+ 44. Ke1 Nd4 45. Bg2 Rxg2 46.
Rh8+ Kxh8 47. Nf7+ Bxf7 48. Rc1 Re2# {Hossa checkmated} 0-1

[Event "ICS rated blitz match"]
[Site "204.178.125.65"]
[Date "2000.09.26"]
[Round "?"]
[White "Valg"]
[Black "Hossa"]
[Result "1-0"]
[WhiteElo "2418"]
[BlackElo "2524"]
[PlyCount "165"]
[EventDate "2000.??.??"]

1. e4 e5 2. Nf3 Nc6 3. Bc4 Bc5 4. c3 Nf6 5. d4 exd4 6. cxd4 Bb4+ 7. Nc3 Nxe4 8.
O-O Bxc3 9. d5 Bf6 10. Re1 Ne7 11. Rxe4 d6 12. g4 O-O 13. g5 Be5 14. Nxe5 dxe5
15. Rxe5 Ng6 16. Re1 Qd6 17. Qd4 Bh3 18. Bd2 Rfd8 19. Bc3 Qf8 20. a3 a5 21. Re3
Bf5 22. Rf3 Bd7 23. Re1 b5 24. Bb3 Be8 25. Qe4 Ra6 26. Rfe3 Bd7 27. Qd4 Rb8 28.
Re4 c5 29. dxc6 Bxc6 30. R4e2 b4 31. axb4 axb4 32. Bd2 Ra5 33. Qg4 Qd6 34. Qg3
Qd8 35. Bc4 Rb7 36. Qd3 Qc7 37. Qd4 Rb8 38. Bb3 Rf5 39. Rc1 Qb7 40. Qg4 Rf3 41.
Bc4 b3 42. Qd4 Kh8 43. Ra1 Qc8 44. Bc3 Qf8 45. Bd2 Rh3 46. Re3 Rh4 47. Qc3 Qd6
48. h3 Nf4 49. Ra6 Qd7 50. Kh2 Nd5 51. Bxd5 Bxd5 52. Qe5 Rd8 53. Bc3 f6 54.
gxf6 Bc4 55. fxg7+ Kg8 56. Ra1 Rh6 57. Rae1 Rg6 58. Qe8+ Rxe8 59. Rxe8+ Qxe8
60. Rxe8+ Kf7 61. Rc8 Bd5 62. f3 Ke7 63. Bd4 h5 64. Rh8 Rg5 65. h4 Rg6 66. Rxh5
Bxf3 67. Rf5 Ba8 68. h5 Rg2+ 69. Kh3 Ke6 70. Rf8 Rxg7 71. Bxg7 Be4 72. Re8+ Kf5
73. Re5+ Kf4 74. Rxe4+ Kxe4 75. Kg4 Kd3 76. h6 Kc4 77. h7 Kb5 78. h8=Q Kc5 79.
Qc8+ Kd6 80. Bf8+ Kd5 81. Kf5 Kd4 82. Qc3+ Kd5 83. Qc5# {Hossa checkmated} 1-0